000 00757nam a2200241 i 4500
001 bg
100 1 _aIGNATIUK, Stefan
245 1 0 _aZarządzanie strategiczne w świetle teorii i praktyki /
_cStefan Ignatiuk, Sławomir Ignatiuk.
260 _aBiałystok :
_bWydaw. Wyższej Szkoły Ekonomicznej,
_c2003.
300 _a315 s. ;
_c24 cm.
504 _aBibliogr.
650 9 _aZarządzanie strategiczne
655 _aPodręczniki akademickie
700 1 _aIGNATIUK, Sławomir
020 _a8387981060
040 _cBPK
041 0 _apol
080 _a658.1/.5.012.4(075.8)
920 _a83-87981-06-0
942 _cKS
008 s pl f |000 0 pol
999 _c42713
_d42713
856 _uhttp://koha.tu.koszalin.pl/cgi-bin/koha/opac-detail.pl?biblionumber=42713
_yKatalog online BPK